000 00601nam a22002297a 4500
003 UA-OsUOA
001 92939
007 ta
008 20130103b un ||||| |||| 00| 0 ukr d
100 _aПащенко В.І.
090 _a82.09
_bП22
942 _cBK
040 _aUA-OsUOA
_bukr
_cUA-OsUOA
_dUA-OsUOA
245 _aАнрі Барбюс
_bжиття і творчість
300 _a214 с.
955 _a3
041 _aukr
080 _a82.09
260 _aК.
_bДніпро
_c1980
650 7 _a82 Література. Літературознавство
_2UDC
999 _c378871
_d378871